<?xml version="1.0" encoding="UTF-8"?>
<record
    xmlns:xsi="http://www.w3.org/2001/XMLSchema-instance"
    xsi:schemaLocation="http://www.loc.gov/MARC21/slim http://www.loc.gov/standards/marcxml/schema/MARC21slim.xsd"
    xmlns="http://www.loc.gov/MARC21/slim">

  <leader>01063nam a22002535a 4500</leader>
  <controlfield tag="003">OSt</controlfield>
  <controlfield tag="005">20201124142041.0</controlfield>
  <controlfield tag="008">170615s2011    ua     grb    000 0 ara d</controlfield>
  <datafield tag="017" ind1=" " ind2=" ">
    <subfield code="a">95 / 9003</subfield>
  </datafield>
  <datafield tag="020" ind1=" " ind2=" ">
    <subfield code="a">9772810042</subfield>
  </datafield>
  <datafield tag="040" ind1=" " ind2=" ">
    <subfield code="a">EG-ScBUE</subfield>
    <subfield code="b">ara</subfield>
    <subfield code="c">EG-ScBUE</subfield>
  </datafield>
  <datafield tag="082" ind1="0" ind2="4">
    <subfield code="2">22</subfield>
    <subfield code="a">001.42</subfield>
    <subfield code="b">&#x628; &#x62F; &#x631;</subfield>
  </datafield>
  <datafield tag="100" ind1="1" ind2=" ">
    <subfield code="a">&#x628;&#x62F;&#x631;&#x60C; &#x623;&#x62D;&#x645;&#x62F;.</subfield>
  </datafield>
  <datafield tag="245" ind1="1" ind2="0">
    <subfield code="a">&#x623;&#x635;&#x648;&#x644; &#x627;&#x644;&#x628;&#x62D;&#x62B; &#x627;&#x644;&#x639;&#x644;&#x645;&#x64A; &#x648;&#x645;&#x646;&#x627;&#x647;&#x62C;&#x647; :</subfield>
    <subfield code="b">&#x645;&#x627; &#x647;&#x64A; &#x623;&#x633;&#x627;&#x633;&#x64A;&#x627;&#x62A; &#x627;&#x644;&#x645;&#x646;&#x647;&#x62C; &#x627;&#x644;&#x639;&#x644;&#x645;&#x64A; &#x641;&#x64A; &#x627;&#x644;&#x628;&#x62D;&#x62B; &#x61F; - &#x643;&#x64A;&#x641; &#x62A;&#x628;&#x62D;&#x62B; &#x639;&#x646; &#x627;&#x644;&#x645;&#x639;&#x644;&#x648;&#x645;&#x627;&#x62A; &#x628;&#x627;&#x644;&#x645;&#x643;&#x62A;&#x628;&#x629; &#x61F; - &#x643;&#x64A;&#x641; &#x62A;&#x643;&#x62A;&#x628; &#x627;&#x644;&#x631;&#x633;&#x627;&#x644;&#x629; &#x627;&#x644;&#x639;&#x644;&#x645;&#x64A;&#x629; &#x61F; - &#x643;&#x64A;&#x642; &#x62A;&#x62E;&#x62A;&#x627;&#x631; &#x645;&#x646;&#x647;&#x62C; &#x627;&#x644;&#x628;&#x62D;&#x62B; &#x61F; - &#x643;&#x64A;&#x641; &#x62A;&#x62C;&#x645;&#x639; &#x648;&#x62A;&#x62D;&#x644;&#x644; &#x648;&#x62A;&#x642;&#x62F;&#x645; &#x646;&#x62A;&#x627;&#x626;&#x62C; &#x627;&#x644;&#x628;&#x62D;&#x62B; &#x61F; /</subfield>
    <subfield code="c">&#x623;&#x62D;&#x645;&#x62F; &#x628;&#x62F;&#x631;.</subfield>
  </datafield>
  <datafield tag="250" ind1=" " ind2=" ">
    <subfield code="a">&#x637;. &#x627;&#x644;&#x639;&#x631;&#x628;&#x64A;&#x629; 1.</subfield>
  </datafield>
  <datafield tag="260" ind1=" " ind2=" ">
    <subfield code="a">&#x627;&#x644;&#x62C;&#x64A;&#x632;&#x629;&#x60C; &#x645;&#x635;&#x631; :</subfield>
    <subfield code="b">&#x627;&#x644;&#x645;&#x643;&#x62A;&#x628;&#x629; &#x627;&#x644;&#x623;&#x643;&#x627;&#x62F;&#x64A;&#x645;&#x64A;&#x629;&#x60C;</subfield>
    <subfield code="c">2011.</subfield>
  </datafield>
  <datafield tag="300" ind1=" " ind2=" ">
    <subfield code="a">529 &#x635;. &#x61B;</subfield>
    <subfield code="c">24 &#x633;&#x645;.</subfield>
  </datafield>
  <datafield tag="504" ind1=" " ind2=" ">
    <subfield code="a">&#x64A;&#x634;&#x62A;&#x645;&#x644; &#x639;&#x644;&#x649; &#x625;&#x631;&#x62C;&#x627;&#x639;&#x627;&#x62A; &#x628;&#x628;&#x644;&#x64A;&#x648;&#x62C;&#x631;&#x627;&#x641;&#x64A;&#x629;.</subfield>
  </datafield>
  <datafield tag="590" ind1=" " ind2=" ">
    <subfield code="a">&#x62F;&#x639;&#x627;&#x621;</subfield>
  </datafield>
  <datafield tag="650" ind1=" " ind2="0">
    <subfield code="2">BUEsh</subfield>
    <subfield code="a">&#x627;&#x644;&#x628;&#x62D;&#x62B;.</subfield>
  </datafield>
  <datafield tag="651" ind1=" " ind2=" ">
    <subfield code="2">BUEsh</subfield>
  </datafield>
  <datafield tag="653" ind1=" " ind2=" ">
    <subfield code="b">GGEN</subfield>
    <subfield code="c">June2017</subfield>
  </datafield>
  <datafield tag="942" ind1=" " ind2=" ">
    <subfield code="2">ddc</subfield>
  </datafield>
  <datafield tag="999" ind1=" " ind2=" ">
    <subfield code="c">24922</subfield>
    <subfield code="d">24894</subfield>
  </datafield>
  <datafield tag="952" ind1=" " ind2=" ">
    <subfield code="0">0</subfield>
    <subfield code="1">0</subfield>
    <subfield code="2">ddc</subfield>
    <subfield code="4">0</subfield>
    <subfield code="7">0</subfield>
    <subfield code="8">Academic</subfield>
    <subfield code="a">MAIN</subfield>
    <subfield code="b">MAIN</subfield>
    <subfield code="c">LOW</subfield>
    <subfield code="d">2017-06-19</subfield>
    <subfield code="e">Purchase</subfield>
    <subfield code="g">65.00</subfield>
    <subfield code="h">4861</subfield>
    <subfield code="o">001.42 &#x628; &#x62F; &#x631;</subfield>
    <subfield code="p">000041950</subfield>
    <subfield code="r">2025-07-15 00:00:00</subfield>
    <subfield code="v">81.25</subfield>
    <subfield code="y">BB</subfield>
  </datafield>
</record>
